[Event "BEL-chT 1112"]
[Site "Belgium"]
[Date "2012.03.18"]
[Round "10.8"]
[White "Russo, Italo"]
[Black "Dorr, Yannick"]
[Result "1/2-1/2"]
[WhiteElo "1546"]
[BlackElo "1908"]
[PlyCount "27"]
[EventDate "2011.10.09"]
[EventType "team-tourn"]
[EventRounds "11"]
[EventCountry "BEL"]
[SourceTitle "EXT 2013"]
[Source "ChessBase"]
[SourceDate "2012.11.22"]
[SourceVersion "1"]
[SourceVersionDate "2012.11.22"]
[SourceQuality "1"]
[WhiteTeam "Fontaine"]
[BlackTeam "Eynatten"]
[WhiteTeamCountry "BEL"]
[BlackTeamCountry "BEL"]

1. Nf3 Nc6 2. g3 e5 3. d3 d5 4. Bg2 Nf6 5. 0-0 Be6 6. Nbd2 Bc5 7. b3 h6 8. Bb2 Qd6 9. a3 Bb6 10. e3 Bg4 11. Qc1 Rd8 12. h3 Bh5 13. c4 a5 14. cxd5 1/2-1/2

[Event "BEL FEFB-ch op"]
[Site "Fontaine l'Eveque"]
[Date "2009.05.29"]
[Round "1"]
[White "Delange, Olivier"]
[Black "Russo, Italo"]
[Result "1-0"]
[WhiteElo "1936"]
[BlackElo "1338"]
[PlyCount "42"]
[EventDate "2009.05.29"]
[EventType "swiss"]
[EventRounds "7"]
[EventCountry "BEL"]
[SourceTitle "EXT 2012"]
[Source "ChessBase"]
[SourceDate "2011.11.24"]
[SourceVersion "1"]
[SourceVersionDate "2011.11.24"]
[SourceQuality "1"]

1. d4 Nf6 2. Nf3 g6 3. Bf4 Bg7 4. e3 b6 5. Be2 0-0 6. 0-0 Bb7 7. Nbd2 d6 8. c3 Nbd7 9. Rc1 Nh5 10. Bg3 Nxg3 11. hxg3 a6 12. Nh2 c5 13. Bf3 Qc7 14. Qb3 b5 15. a4 Bxf3 16. Nhxf3 bxa4 17. Qxa4 Nb6 18. Qa5 Qc6 19. Ra1 Rfb8 20. Ra2 Qb5 21. Qxb5 axb5 1-0

[Event "Hainaut-ch"]
[Site "Manage"]
[Date "2008.08.23"]
[Round "3.26"]
[White "Louis, Sophie"]
[Black "Russo, Italo"]
[Result "1/2-1/2"]
[WhiteElo "1510"]
[BlackElo "1346"]
[PlyCount "117"]
[EventDate "2008.08.23"]
[EventType "swiss"]
[EventRounds "9"]
[EventCountry "BEL"]
[SourceTitle "EXT 2024"]
[Source "ChessBase"]
[SourceDate "2023.10.10"]
[SourceVersion "1"]
[SourceVersionDate "2023.10.10"]
[SourceQuality "1"]

1. e4 g6 2. Nf3 Bg7 3. d4 d6 4. Bf4 b6 5. Nc3 Bb7 6. Bc4 Nf6 7. Ng5 e6 8. 0-0 h6 9. Nf3 Nxe4 10. Nxe4 Bxe4 11. Re1 Bb7 12. c3 Qf6 13. Bg3 Nd7 14. d5 e5 15. Bb5 a6 16. Bc6 Bxc6 17. dxc6 Nb8 18. Nxe5 0-0 19. Ng4 Qf5 20. Re7 Rc8 21. Ne3 Qb5 22. Qd5 Qxd5 23. Nxd5 Nxc6 24. Rxc7 Rxc7 25. Nxc7 Ra7 26. Bxd6 Na5 27. Bg3 Nc4 28. Rb1 Be5 29. Bxe5 Nxe5 30. Nd5 b5 31. Re1 Nd3 32. Re2 Nc1 33. Re8+ Kg7 34. a3 Rd7 35. Ne3 Rd2 36. Ra8 Rxb2 37. Rxa6 Na2 38. g3 Nxc3 39. Ra5 Ne4 40. f3 Rb3 41. Nc2 Rxf3 42. Rxb5 Rc3 43. Rb4 Nc5 44. Rb2 g5 45. Ra2 Na4 46. Nd4 Kg6 47. Nb5 Rb3 48. Nd4 Rd3 49. Ne2 Kh5 50. h3 f6 51. Kg2 f5 52. Kh2 Kg6 53. h4 Kh5 54. Kh3 f4 55. hxg5 hxg5 56. Kh2 fxg3+ 57. Nxg3+ Kg4 58. Rg2 Rxa3 59. Ne4+ 1/2-1/2